| 000 | 00421nam a2200169Ia 4500 | ||
|---|---|---|---|
| 008 | 131103s9999 xx 000 0 und d | ||
| 040 | _aLoreto College | ||
| 041 | _aEnglish | ||
| 082 |
_a920/BAK _bLCLIB/ |
||
| 100 | _aBaker, Gladys | ||
| 245 |
_aI had to know _cGladys Baker |
||
| 260 |
_aNew york _bAppleton _c[19?] |
||
| 300 |
_avii,309p. _c 22cm. |
||
| 650 | _aBiography | ||
| 850 | _aLCLIB/920/BAK | ||
| 942 | _cBK | ||
| 999 |
_c25007 _d75486 |
||